000 00324nam a22001457a 4500
003 SGT
020 _a978-93-86554-78-9
082 _a615.53
_bR18V
100 _aVINAYA,P.N.
245 _aREGENERATION & WOUND HEALING
260 _aVARANASI
_bCHAUKHAMBA PUB
_c2018
300 _a160
650 _aAYURVEDA
942 _2ddc
_cBK
999 _c16543
_d16543